000 00299nam a22001337a 4500
008 170608b xxu||||| |||| 00| 0 eng d
020 _a804705283
041 _aeng
080 _a32
100 _a18
101 _aSHP
245 _aPOLITICAL CHANGE IN LATIN AMERICA
_cJOHNSON,J,J
942 _2udc
_cBK
999 _c16439
_d16439